00383nam a2200157 a 45000010005000000030009000050080041000140400028000550820016000831000021000992450024001202600038001443000015001826500015001976500013002126671CO-ViMGA141112s2004 ck r 000 u spa d aCO-ViMGAbspacCO-ViMGA04a598.61 B4771 aBissoni, Eduardo10aCria de la codorniz aBuenos Aires : bAlbatros, c1996 a117 p : il14aCODORNICES14aCODORNIZ